Catálogo

BUROCRACIA Y BUROCRATAS EN MÉXICO, 1742-1835 (Registro nro. 57714)

Detalles MARC
000 -LEADER
fixed length control field 00906nam a2200217 a 4500
001 - CONTROL NUMBER
control field 57714
005 - DATE AND TIME OF LATEST TRANSACTION
control field 20180714054018.0
008 - FIXED-LENGTH DATA ELEMENTS--GENERAL INFORMATION
fixed length control field 140415s1991 mx 000 0 spa d
020 ## - INTERNATIONAL STANDARD BOOK NUMBER
International Standard Book Number 9700502449
041 ## - LANGUAGE CODE
Language code of text/sound track or separate title spa
082 ## - DEWEY DECIMAL CLASSIFICATION NUMBER
Classification number 320.97203
Item number ARN
100 1# - MAIN ENTRY--PERSONAL NAME
Personal name ARNOLD, LINDA
245 10 - TITLE STATEMENT
Title BUROCRACIA Y BUROCRATAS EN MÉXICO, 1742-1835
250 ## - EDITION STATEMENT
Edition statement 1a ed.
260 ## - PUBLICATION, DISTRIBUTION, ETC.
Place of publication, distribution, etc. MEXICO :
Name of publisher, distributor, etc. GRIJALBO,
Date of publication, distribution, etc. 1991
300 ## - PHYSICAL DESCRIPTION
Extent 420
Dimensions 13.5 x 2 x 21
490 ## - SERIES STATEMENT
Series statement LOS NOVENTA
520 ## - SUMMARY, ETC.
Summary, etc. ENTRE EL FIN DE LA COLONIA Y LOS INICIOS COMO NACION, LAS BUROCRACIAS NOVOHISPANA Y LUEGO LA NACIONAL CUMPLIERON SIEMPRE UN ACTIVO PAPEL EN LAS ETAPAS DE ESTABILIDAD Y REVOLUCION POLITICAS QUE MARCARON EL PERIODO. EXAMINAR ESTE PROTAGONISMO ES EL PROPOSITO DEL LIBRO DE LINDA ARNOLD
650 14 - SUBJECT ADDED ENTRY--TOPICAL TERM
Topical term or geographic name entry element POLITICA
General subdivision BUROCRACIA
-- MEXICO
-- HISTORIA
-- MEXICO
-- HISTORIA
-- VIRREINATO
-- 1535
-- 1821
700 1# - ADDED ENTRY--PERSONAL NAME
Personal name PALOS, ENRIQUE
Relator term tr.
Existencias
Withdrawn status Lost status Source of classification or shelving scheme Damaged status Not for loan Collection code Home library Current library Shelving location Date acquired Source of acquisition Inventory number Total Checkouts Full call number Barcode Date last seen Price effective from Koha item type
    Dewey Decimal Classification     General Biblioteca Karol Wojtyla Biblioteca Karol Wojtyla Sala general 03/12/2013 Compra 151000000000000000055854   320.97203 ARN 87203 05/01/2026 03/12/2013 Libro